zpět

Detail výsledku týmu

Cafe & Bar NO.95, Domažlice

Datum a čas kvízu

36.5 Celkem bodů Celkový počet nahraných bodů na tomto kvízu bez doplňovacích otázek.
1. Pořadí na kvízu Konečné umístění týmu na tomto kvízu.

Zaznamenané odpovědi

# Otázka Odpověď Body Výsledky
1. V minulém týdnu objevil na Pál... C) houby 1
2. Minulý týden jsme se dozvěděli... Roland 0
3. O filmu, jehož děj se odehrává... Vlny, Jiří Mádl 1
4. Na ostravském festivalu tanečn... o dámské pisoáry 0
5. Jak se jmenuje britský cyklist... Mark Cavendish 1
6. Téma začneme u českého filmu,... (Jaroslav a Dana) Stodolovi 1
7. Ve filmu V hlavě z roku 2015 j... A) úzkost 0
8. V březnu 2024 jsme se dočkali... 1D 2B 3C 4A 1
9. Premiéru má každý rok velké mn... C 1
10. V roce 2024 přišlo do kin rovn... Frank Herbert, Spasitel Duny 0